000
00308 a2200109 4500
001
ART_5515
005
20260410161616.0
008
260409a
245
1
0
_a
¿Quién inventó la contabilidad?
100
1
_a
García Casella, Carlos Luis
773
0
_t
Enfoques
_g
- Nº 1 (ene. 2005)
_w
REV416
999
_c
11105
_d
11105